BLEACH キャラ - Statistics

General Stats
  • This quiz has been taken 9 times
  • The average score is 28 of 136
Answer Stats
Hint Answer 日本語 % Correct
斬月/天鎖斬月 Kurosaki Ichigo 黒崎一護
100%
十三番隊隊長/前十三番隊副隊長袖白雪/白霞罸 Kuchiki Rukia 朽木ルキア
75%
聖文字“H”灼熱 The Heat Bazz-B バズビー
63%
盾舜六花 Inoue Orihime 井上織姫
63%
銀嶺弧雀 Ishida Uryu 石田雨竜
63%
二番隊隊長・隠密機動総司令官雀蜂/雀蜂雷公鞭 Soi Fon 砕蜂
63%
六番隊副隊長蛇尾丸/双王蛇尾丸 Abarai Renji 阿散井恋次
50%
前五番隊隊長/110年前五番隊副隊長鏡花水月 Aizen Sosuke 藍染惣右介
50%
第1十刃群狼 Los Lobos Coyote Starrk コヨーテ・スターク
50%
一番隊副隊長/前八番隊副隊長神剣・八鏡剣 Ise Nanao 伊勢七緒
50%
前七番隊隊長天譴/黒縄天譴明王 Komamura Sajin 狛村左陣
50%
六番隊隊長千本桜/千本桜景厳 Kuchiki Byakuya 朽木白哉
50%
十二番隊隊長疋殺地蔵/金色疋殺地蔵 Kurotsuchi Mayuri 涅マユリ
50%
一番隊隊長/前八番隊隊長花天狂骨/花天狂骨枯松心中 Kyoraku Shunsui 京楽春水
50%
九番隊隊長/110年前九番隊隊長断風/鐵拳断風 Muguruma Kensei 六車拳西
50%
巨人の右腕/悪魔の左腕 Sado Yasutora 茶渡泰虎
50%
前一番隊隊長 流刃若火/残火の太刀 Yamamoto Shigekuni 山本元柳斎重國
50%
十二番隊副隊長/前十二番隊第三席 Akon 阿近
38%
十一番隊第三席/前十一番隊第五席瑠璃色孔雀 Ayasegawa Yumichika 綾瀬川弓親
38%
五番隊副隊長飛梅 Hinamori Momo 雛森桃
38%
五番隊隊長/110年前五番隊隊長逆撫/逆様邪八宝塞 Hirako Shinji 平子真子
38%
九番隊副隊長風死/風死絞縄 Hisagi Shuhei 檜佐木修兵
38%
十番隊隊長氷輪丸/大紅蓮氷輪丸 Hitsugaya Toshiro 日番谷冬獅郎
38%
零番隊リーダー一文字/しら筆一文字 Hyosube Ichibe 兵主部一兵衛
38%
七番隊隊長/前七番隊副隊長 Iba Tetsuzaemon 射場鉄左衛門
38%
前三番隊隊長神鎗/神殺鎗 Ichimaru Gin 市丸ギン
38%
三番隊副隊長侘助 Kira Izuru 吉良イヅル
38%
四番隊隊長/前四番隊副隊長凍雲 Kotetsu Isane 虎徹勇音
38%
四番隊副隊長/前前十三番隊第三席 Kotetsu Kiyone 虎徹清音
38%
110年前六番隊隊長 Kuchiki Ginrei 朽木銀嶺
38%
前十二番隊副隊長 Kurotsuchi Nemu 涅ネム
38%
前十一番隊副隊長三歩剣獣 Kusajishi Yachiru 草鹿やちる
38%
十一番隊副隊長鬼灯丸/龍紋鬼灯丸 Madarame Ikkaku 班目一角
38%
十番隊副隊長灰猫 Matsumoto Rangiku 松本乱菊
38%
二番隊副隊長五形頭 Omaeda Marechiyo 大前田希千代
38%
110年前十二番隊副隊長馘大蛇 Sarugaki Hiyori 猿柿ひよ里
38%
前十番隊隊長剡月 Shiba Isshin 志波一心
38%
前々十三番隊副隊長捩花 Shiba Kaien 志波海燕
38%
第3十刃皇鮫后 Tiburon Tier Harribel ティア・ハリベル
38%
前九番隊隊長清虫/清虫終式・閻魔蟋蟀/清虫百式・狂枷蟋蟀 Tosen Kaname 東仙要
38%
前四番隊隊長/初代十一番隊隊長肉雫唼/皆尽 Unohana Retsu 卯ノ花烈
38%
110年前十二番隊隊長紅姫/観音開紅姫改メ Urahara Kisuke 浦原喜助
38%
八番隊隊長/110年前八番隊副隊長鉄漿蜻蛉 Yadomaru Risa 矢胴丸リサ
38%
四番隊第七席瓠丸 Yamada Hanataro 山田花太郎
38%
110年前七番隊隊長天狗丸 Aikawa Rabu 愛川羅武
25%
破面・No.55金獅子将 Leona Franceska Mila Rose フランチェスカ・ミラ・ローズ
25%
「XCUTION」会員番号001番クロス・オブ・スキャッフォルド Ginjo Kugo 銀城空吾
25%
零番隊第二官・南方神将/110年前十二番隊隊長 Hikifune Kirio 曳舟桐生
25%
十三番隊副隊長/前十三番隊第三席 Kotsubaki Sentaro 小椿仙太郎
25%
110年前九番隊副隊長 Kuna Mashiro 久南白
25%
第1十刃 Lilynette Gingerbuck リリネット・ジンジャーバック
25%
零番隊第三官・西方神将鞘伏 Nimaiya Oetsu 二枚屋王悦
25%
三番隊隊長/110年前三番隊隊長金沙羅/金沙羅舞踏団 Otoribashi Rojuro 鳳橋楼十郎
25%
110年前二番隊隊長 Shihouin Yoruichi 四楓院夜一
25%
零番隊第四官・北方神将刺絡/娑闥迦羅骸刺絡辻 Shutara Senjumaru 修多羅千手丸
25%
前十三番隊隊長双魚理 Ukitake Jushiro 浮竹十四郎
25%
110年前四番隊副隊長 Yamada Seinosuke 山田清之介
25%
聖文字“D”致死量 The Deathdealing 神の毒見 Hasshein Askin Nakk Le Vaar アスキン・ナックルヴァール
13%
聖文字“F”恐怖 The Fear 神の怯え Tatarforas As Nodt エス・ノト
13%
聖文字“E”爆撃 The Explode 神の炎 Zofiel Bambietta Basterbine バンビエッタ・バスターバイン
13%
第2十刃髑髏大帝 Arrogante Baraggan Louisenbairn バラガン・ルイゼンバーン
13%
聖文字は“K” BG9 BG9
13%
聖文字“T”雷霆 The Thunderbolt 神の雷霆 Barbarriel Candice Catnipp キャンディス・キャットニップ
13%
聖文字“I”鋼鉄 The Iron Cang Du 蒼都
13%
「XCUTION」会員番号003番ドールハウス Dokugamine Riruka 毒ヶ峰リルカ
13%
聖文字“M”奇跡 The Miracle 神の権能 Aschetonig Gerard Valkyrie ジェラルド・ヴァルキリー
13%
聖文字“Z”死者 The Zombie 神の死 Azhalbiora Giselle Gewelle ジゼル・ジュエル
13%
聖文字“V”夢想家 The Visionary Gremmy Thoumeaux グレミィ・トゥミュー
13%
第6十刃/元破面・No.12豹王 Pantera Grimmjow Jaegerjaquez グリムジョー・ジャガージャック
13%
110年前三番隊副隊長 Iba Chikane 射場千鉄
13%
七番隊副隊長/前四番隊第三席 Iemura Yasochika 伊江村八十千和
13%
聖文字“S” 英雄 The Superstar James ジェイムズ
13%
聖文字“B”世界調和 The Balance Jugram Haschwalth ユーグラム・ハッシュヴァルト
13%
零番隊第一官・東方神将金毘迦 Kirinji Tenjiro 麒麟寺天示郎
13%
110年前七番隊副隊長 Kotsubaki Jinemon 小椿刃右衛門
13%
聖文字“X”万物貫通 The X-axis 神の裁き Jilliel Lille Barro リジェ・バロ
13%
聖文字“G”食いしんぼう The Glutton 神の飢え Gagael Liltotto Lamperd リルトット・ランパード
13%
聖文字“S”英雄 The Superstar Mask De Masculine マスク・ド・マスキュリン
13%
聖文字“P”力 The Power 神の力 Pornipora Mininas McAllon ミニーニャ・マカロン
13%
前第3十刃羚騎士 Gamuza Nelliel Tu Odelschwanck ネリエル・トゥ・オーデルシュヴァンク
13%
第5十刃/元第8十刃聖哭螳蜋 Santa Teresa Nnoitra Gilga ノイトラ・ジルガ
13%
一番隊副隊長/前一番隊第三席 Okikiba Genshiro 沖牙源志郎
13%
聖文字“L”愛 The Love 神の情愛 Gudoero PePe Waccabrada ペペ・ワキャブラーダ
13%
聖文字“C”強制執行 The Compulsory Pernida Parnkgjas ペルニダ・パルンカジャス
13%
聖文字“J”監獄 The Jail 神の正義 Piskiel Quilge Opie キルゲ・オピー
13%
聖文字“N” 神の歩み Grimaniel Robert Accutrone ロバート・アキュトロン
13%
第8十刃/元第0十刃邪淫妃 Fornicaras Szayelaporro Granz ザエルアポロ・グランツ
13%
第4十刃黒翼大魔 Murcielago Ulquiorra Cifer ウルキオラ・シファー
13%
第10十刃⇔第0十刃憤獣 Ira Yammy Llargo ヤミー・リヤルゴ
13%
聖文字“A”全知全能 The Almighty Yuwach ユーハバッハ
13%
破面・No.15蒼角王子 Del Toro Yylfordt Granz イールフォルト・グランツ
13%
十一番隊隊長野晒 Zaraki Kempachi 更木剣八
13%
第7十刃呪眼僧伽 Brujeria Zommari Rureaux ゾマリ・ルルー
13%
第9十刃喰虚 Glotoneria Aaroniero Arruruerie アーロニーロ・アルルエリ
0%
破面・No.22空戦鷲 Aguila Abirama Redder アビラマ・レッダー
0%
破面・No.17 Aisslinger Wernarr アイスリンガー・ウェルナール
0%
元十一番隊隊長/八代目剣八雨露柘榴 Azashiro Soya 痣城剣八
0%
聖文字“Q”異議 The Question Berenice Gabrielli ベレニケ・ガブリエリ
0%
破面・No.20宮廷薔薇園ノ美女王 Reina De Rosas Charlotte Chuhlhourne シャルロッテ・クールホーン
0%
破面・No.25巨腕鯨 Calderon Choe Neng Poww チーノン・ポウ
0%
破面・No.105車輪鉄燕 Golondrina Cirucci Sanderwicci チルッチ・サンダーウィッチ
0%
破面・No.56白蛇姫 Anaconda Cyan Sung-Sun シィアン・スンスン
0%
破面・No.18 Demoura Zodd デモウラ・ゾッド
0%
破面・No.16 Di Roy Rinker ディ・ロイ・リンカー
0%
破面・No.42 Dondochakka Birstanne ドンドチャッカ・ビルスタン
0%
破面・No.103暴風男爵 Giralda Dordoni Alessandro Del Socaccio ドルドーニ・アレッサンドロ・デル・ソカッチオ
0%
聖文字“O”大量虐殺 The Overkill Driscoll Berci ドリスコール・ベルチ
0%
破面・No.13火山獣 Volcanica Edrad Liones エドラド・リオネス
0%
破面・No.54碧鹿闘女 Cierva Emilou Apacci エミルー・アパッチ
0%
破面・No.24蟄刀流断 Pinza Aguda Findorr Calius フィンドール・キャリアス
0%
破面・No.107龍拳 Dragra Gantenbainne Mosqueda ガンテンバイン・モスケーダ
0%
破面・No.26虎牙迅風 Tigre Estoque Ggio Vega ジオ=ヴェガ
0%
「XCUTION」ダーティ・ブーツ Jackie Tristan ジャッキー・トリスタン
0%
聖文字“R”咆哮 The Roar Jerome Guizbatt ジェローム・ギズバット
0%
110年前十一番隊隊長/十代目剣八 Kiganjo Kempachi 鬼厳城剣八
0%
110年前六番隊副隊長 Kuchiki Sojun 朽木蒼純
0%
破面・No.35 Kukkapuro クッカプーロ
0%
250年前十一番隊隊長/七代目剣八餓樂廻廊/餓樂廻廊 Kuruyashiki Kempachi 刳屋敷剣八
0%
「XCUTION」タイム・テルズ・ノー・ライズ Kutsuzawa Giriko 沓澤ギリコ
0%
破面・No.33百刺毒娼 Escolopendra Loly Aivirrne ロリ・アイヴァーン
0%
聖文字“Y”貴方自身 The Yourself Loyd Lloyd/Royd Lloyd ロイド・ロイド
0%
前第6十刃蔦嬢 Trepadora Luppi Antenor ルピ・アンテノール
0%
破面・No.34 Menoly Mallia メノリ・マリア
0%
破面・No.14 Nakeem Grindina ナキーム・グリンディーナ
0%
聖文字“U”無防備 The Underbelly NaNaNa Najahkoop ナナナ・ナジャークープ
0%
聖文字“W”紆余曲折 The Wind Nianzol Weizol ニャンゾル・ワイゾル
0%
破面・No.27巨象兵 Mamut Nirgge Parduoc ニルゲ・パルドゥック
0%
110年前二番隊副隊長 Omaeda Marenoshin 大前田希ノ進
0%
破面・No.41究極 Ultima Pesche Guatiche ペッシェ・ガティーシェ
0%
破面・No.61髑髏樹 Arbol Rudbornn Chelute ルドボーン・チェルート
0%
前一番隊副隊長厳霊丸/黄煌厳霊離宮 Sasakibe Tadaoki 雀部長次郎忠息
0%
破面・No.11五鋏蟲 Tijereta Shawlong Koufang シャウロン・クーファン
0%
破面・No.50牙鎧士 Verruga Tesra Lindocruz テスラ・リンドクルツ
0%
元「XCUTION」リーダーブック・オブ・ジ・エンド Tsukishima Shukuro 月島秀九郎
0%
破面・No.77滅火皇子 Extinguir Wonderweiss Margela ワンダーワイス・マルジェラ
0%
「XCUTION」会員番号005番インヴェイダーズ・マスト・ダイ Yukio Hans Vorarlberna 雪緒・ハンス・フォラルルベルナ
0%
No matching quizzes found
Score Distribution
Percent of People with Each Score
Percentile by Number Answered
Your Score History
You have not taken this quiz